Normal view MARC view

Entry Personal Name

Number of records used in: 2

001 - CONTROL NUMBER

  • control field: 39069

003 - CONTROL NUMBER IDENTIFIER

  • control field: dpl

005 - DATE AND TIME OF LATEST TRANSACTION

  • control field: 20120112144627.0

008 - FIXED-LENGTH DATA ELEMENTS

  • fixed length control field: 120112|||a|||||| | ||| d

040 ## - CATALOGING SOURCE

  • Original cataloging agency: dpl
  • Transcribing agency: dpl

100 ## - HEADING--PERSONAL NAME

  • Personal name: Jennings, Richard,
  • Dates associated with a name: 1956-

670 ## - SOURCE DATA FOUND

  • Source citation: Work cat.: (dpl)0: Johnson, Gary W., 1958- 39065, LabVIEW graphical programming /, 2011

670 ## - SOURCE DATA FOUND

  • Source citation: Work cat.: (dpl)0: Johnson, Gary W., 1958- 39065, LabVIEW graphical programming /, 2011

© Delhi Public Library
Hit Counter
free hit counter